Obálka Náhled e-knihy:
Epub
Pro půjčování e-knih musíte být přihlášeni.
Jak si půjčit online?

Pravda v plamenech /

Píše se rok 1648. Požár v honosném domě šlechtické rodiny Vodňanských nevěstí nic dobrého. Když na spáleniště dorazí soudní vyšetřovatel Borek Rybář, nalezne už pouze ohořelá těla. Proč obyvatelé před ohněm neutekli? S pomocí staroměstského kata Hanuše Mydláře Borek brzy zjišťuje, že byli krutě zavr...

Celý popis

Uloženo v:
Série:Soudní vyšetřovatel Borek, část 6
Hlavní autor: Černá, Jaroslava (Autor)
Médium: E-kniha
Jazyk:Czech
Vydáno: Praha : MOBA, 2026
Příbuzné jednotky:Z cyklu:: Soudní vyšetřovatel Borek
Tagy:
Žádné tagy
LEADER 01563nam a22002417i 4500
001 297591
007 ta
008 260416s2026 xr ||||| |||| 00| 0 cze d
020 |a 9788027924592 
044 |a xr 
100 1 |a  Černá, Jaroslava  |4 aut 
245 1 0 |a Pravda v plamenech /  |c  Černá, Jaroslava 
264 1 |a Praha :  |b MOBA,  |c 2026 
300 |a 1 online zdroj (216 stran) 
336 |a text  |b txt  |2 rdacontent 
337 |a bez média  |b n  |2 rdamedia 
338 |a online zdroj  |b cr  |2 rdacarrier 
520 2 |a Píše se rok 1648. Požár v honosném domě šlechtické rodiny Vodňanských nevěstí nic dobrého. Když na spáleniště dorazí soudní vyšetřovatel Borek Rybář, nalezne už pouze ohořelá těla. Proč obyvatelé před ohněm neutekli? S pomocí staroměstského kata Hanuše Mydláře Borek brzy zjišťuje, že byli krutě zavražděni. Důvodů mstít se rodině váženého velkostatkáře se nabízí víc než dost, muž byl totiž pověstný svůdník a nadělal si spoustu nepřátel. Byla to vražda ze žárlivosti, nebo byl motiv činu úplně jiný? 
787 0 8 |g 6  |i Z cyklu:  |t Soudní vyšetřovatel Borek 
910 |a RBIT002 
998 |d 426161  |a https://core.palmknihy.cz/api/books/426161/cover?td9ttn  |b https://core.palmknihy.cz/api/books/426161/cover/400?td9ttn  |c https://core.palmknihy.cz/api/books/426161/cover/50?td9ttn  |e 2031-02-25  |g 216  |i 9788027924592  |j https://core.palmknihy.cz/api/books/426161/preview.epub  |l   |q 49  |r 1  |s https://www.palmknihy.cz/kniha/426161  |t ebook  |y 2026  |z 1  |v Soudní vyšetřovatel Borek  |w 6 
999 |d 297589